Discrete mathematics (Record no. 7371)

000 -LEADER
fixed length control field 00484 a2200157 4500
082 ## - DEWEY DECIMAL CLASSIFICATION NUMBER
Classification number 511
090 ## - LOCALLY ASSIGNED LC-TYPE CALL NUMBER (OCLC); LOCAL CALL NUMBER (RLIN)
-- 3462
-- 3462
100 ## - MAIN ENTRY--PERSONAL NAME
Personal name Johnsonbaugh, Richard
245 ## - TITLE STATEMENT
Title Discrete mathematics
Statement of responsibility, etc. Richard Johnsonbaugh
250 ## - EDITION STATEMENT
Edition statement 5th.
260 ## - PUBLICATION, DISTRIBUTION, ETC.
Place of publication, distribution, etc. Upper Saddle River, N.J. :
Name of publisher, distributor, etc. Prentice Hall,
Date of publication, distribution, etc. c2001.
300 ## - PHYSICAL DESCRIPTION
Extent xv, 621 p. :
Other physical details ill. ;
Dimensions 29 cm.
500 ## - GENERAL NOTE
General note Includes bibliographical references and index
650 ## - SUBJECT ADDED ENTRY--TOPICAL TERM
Topical term or geographic name entry element Mathematics.2.Computer science--Mathematics.
942 ## - ADDED ENTRY ELEMENTS (KOHA)
Koha item type Book
Call number prefix 511 JOH
Holdings
Withdrawn status Lost status Damaged status Not for loan Collection code Permanent Location Current Location Shelving location Date acquired Source of acquisition Cost, normal purchase price Total Checkouts Full call number Barcode Date last seen Date last checked out Price effective from Koha item type
          Central Library (CL) Central Library (CL) General Stacks 02/06/2003 Book Field 500.27 9 511 JOH SEECS003060 10/30/2023 09/26/2023 01/05/2017 Book
          Central Library (CL) Central Library (CL) General Stacks 01/04/2002 National Book Foundation 2638.30 3 511 JOH SEECS001627 04/08/2025 01/29/2025 01/05/2017 Book
© 2023 Central Library, National University of Sciences and Technology. All Rights Reserved.